000 00730nam a2200217Ia 4500
003 IN-BaIIA
008 211028s9999 xx 000 0 eng d
040 _cIIA Library
080 _a519.245
_bSPA
100 _aSpanier, Jerome
_96104
245 0 _aMonte Carlo principles and neutron transport problems
_cJerome Spanier and Ely M. Gelbard
260 _aMassachusetts
_bAddison-Wesley
_c1969
300 _axiv, 234p.
490 _aAddison-Wesley Series in Computer Science and Information Processing
650 _aMonte Carlo Method
_96105
650 _aNASA Thesaurus
650 _aStastical Analysts
_96106
650 _aStatistics
700 _aGelbard, Ely M.
_96107
942 _cBK
999 _c3450
_d3450